Chile : Selected Issues.

The Selected Issues paper discusses external shocks and its effects on Chile. The economy of Chile is susceptible to global financial predicaments, external demands, and commodity rates. This paper reports on financial spillovers from 2008-12, its methodologies, and the pressures on bank funding mar...

Cur síos iomlán

Sonraí bibleagrafaíochta
Údar corparáideach: International Monetary Fund
Formáid: IRIS
Teanga:English
Foilsithe / Cruthaithe: Washington, D.C. : International Monetary Fund, 2012.
Sraith:IMF Staff Country Reports; Country Report ; No. 2012/266
Rochtain ar líne:Full text available on IMF
LEADER 01501cas a2200241 a 4500
001 AALejournalIMF012147
008 230101c9999 xx r poo 0 0eng d
020 |c 5.00 USD 
020 |z 9781475510492 
022 |a 1934-7685 
040 |a BD-DhAAL  |c BD-DhAAL 
110 2 |a International Monetary Fund. 
245 1 0 |a Chile :   |b Selected Issues. 
264 1 |a Washington, D.C. :  |b International Monetary Fund,  |c 2012. 
300 |a 1 online resource (48 pages) 
490 1 |a IMF Staff Country Reports 
500 |a <strong>Off-Campus Access:</strong> No User ID or Password Required 
500 |a <strong>On-Campus Access:</strong> No User ID or Password Required 
506 |a Electronic access restricted to authorized BRAC University faculty, staff and students 
520 3 |a The Selected Issues paper discusses external shocks and its effects on Chile. The economy of Chile is susceptible to global financial predicaments, external demands, and commodity rates. This paper reports on financial spillovers from 2008-12, its methodologies, and the pressures on bank funding markets. The paper also examines performance of nonfinancial sector during the 2008-09 crisis. The Executive Board sees the document as an analytical description of Chile in the global scene. 
538 |a Mode of access: Internet 
830 0 |a IMF Staff Country Reports; Country Report ;  |v No. 2012/266 
856 4 0 |z Full text available on IMF  |u http://elibrary.imf.org/view/journals/002/2012/266/002.2012.issue-266-en.xml  |z IMF e-Library